000
00221nam a22000857a 4500
100
_a
Ansamma George
245
_a
Rubber boardinte thozhilaali kshema padhathikal
260
_b
Rubber, 669(February): 20-22.
_c
2022
942
_c
JS
999
_c
75023
_d
75023